Visualizzazione normale
Vista MARC
- Torelli Giuseppe
di Personal Name
Records bibliografici associati: 1
001 - CONTROL NUMBER
- control field: 31817
003 - CONTROL NUMBER IDENTIFIER
- control field: IT-RoPau
005 - DATE AND TIME OF LATEST TRANSACTION
- control field: 20140625112805.0
008 - FIXED-LENGTH DATA ELEMENTS
- fixed length control field: 140625|| aca||aabn | a|a d
040 ## - CATALOGING SOURCE
- Original cataloging agency: IT-RoPau
- Transcribing agency: IT-RoPau
100 ## - HEADING--PERSONAL NAME
- Personal name: Torelli Giuseppe
- Miscellaneous information: Codice autore testo/musica SPICS: 9947
- Relator term: Autore testo/musica
- Name of part/section of a work: Concerto a quattro in sol minore op. 8, n. 6 in forma di pastorale (1709)
670 ## - SOURCE DATA FOUND
- Source citation: Work cat.: (IT-RoPau)103606: AA.VV. 794, Baroque Music-Concerti grossi (Torelli, Sammartini, Petz, Corelli)